Playhouse Disney/Disney Junior Characters: Letter Q - Statistics

General Stats
  • This quiz has been taken 5 times
  • The average score is 2 of 7
Answer Stats
Picture Answer % Correct
Quincy
80%
Queen of Hearts
60%
Quoodles
40%
Queen Coralie
0%
Queen Lorelei
0%
Quique
0%
Quita Moz
0%
No matching quizzes found
Score Distribution
Percent of People with Each Score
Percentile by Number Answered
Your Score History
You have not taken this quiz